Statistics for Guess the lyrics (#7)

Click here to take the quiz!

General Stats

  • This quiz has been taken 356 times
  • The average score is 81 of 158

Answer Stats

Answer% Correct
I
98%
a
97%
the
93%
You
92%
you
92%
and
83%
me
81%
to
81%
hear
71%
it
71%
am
68%
of
67%
so
67%
So
67%
my
66%
you're
63%
You're
63%
for
60%
that
60%
like
54%
Like
54%
I'm
51%
see
51%
up
51%
got
50%
had
49%
but
47%
hear
46%
now
46%
Now
46%
all
45%
Get
45%
I've
45%
down
43%
gonna
41%
eye
38%
voice
38%
tiger
36%
from
35%
Oh
35%
oh
35%
oh (etc)
35%
roar
35%
went
33%
make
32%
nothing
31%
off
31%
sound?
31%
let
30%
through
30%
'cause
28%
everything
27%
champion
25%
fire
25%
hold
25%
used
25%
bee
24%
dancing
24%
enough
24%
push
24%
breath
21%
rock
21%
fighter
20%
held
20%
ready
19%
bite
18%
tongue
18%
zero
18%
fell
17%
ground
17%
hey
17%
scared
17%
already
16%
boat
16%
dust
16%
guess
16%
mess
16%
own
16%
shake
16%
thunder
16%
choice
15%
quietly
15%
sat
15%
brushing
14%
forgot
14%
hero
14%
politely
14%
stood
14%
agreed
13%
breaking
13%
past
13%
point
13%
butterfly
12%
floatin'
11%
stinging
9%
stripes
9%
earned
8%

Score Distribution

Percentile by Number Answered

Percent of People with Each Score

Your Score History

You have not taken this quiz